000 00645nam a2200229Ia 4500
003 OSt
005 20220918192544.0
006 a|||||r|||| 00| 0
007 ta
008 220917b |||||||| |||| 00| 0 eng d
024 _a68,972
037 _cTextual
040 _aARTS
_cARTS
_beng
041 _2eng
_aeng
082 _aR3:G, F9
100 _aWoodger J H
_979419
245 0 _aBiological priniciples
_b a critical study
260 _c1929
490 _aInternational library of psychology, philosophy and scientific method, ed, by C. K. Ogden; 70
942 _hR3:G, F9
_cTEXL
_2CC
999 _c195135
_d195135